000 01162nam a2200337 a 4500
999 _c6662
_d6662
003 BD-JhCC
005 20180127184845.0
008 000407s1998 caua s 000 0 eng d
020 _z0782121713
_a8176560359
035 _a(BD-JhCC)
040 _aCtWfDGI
_dBD-JhCC
041 _aeng
050 1 4 _aQA76.73.J38
_bH642 1998b
082 0 4 _a005.2/762
_221
_bHOL 1998
100 1 _aHolzner, Steven.
245 1 0 _aJava 1.2 in record time
_cSteven Holzner.
256 _aComputer document.
260 _aSan Francisco :
_bSybex,
_cc1998
_e(Norwood, Mass. :
_fBooks24x7.com [generator])
260 _aNew Delhi
_bBPB Publication
_c1998
300 _aMul
_bill.;
_c24 cm.
500 _aTitle from title screen.
516 _aText.
550 _aDigitized and made available by: Books 24x7.com.
650 0 _aJava (Computer program language)
655 7 _aElectronic books.
_2lcsh
710 2 _aBooks24x7, Inc.
942 _2ddc
_cBK
949 1 _1MIT Access Only
_an-mit
_bNET
_h**See URL(s)
_o8
_x02
956 4 0 _uhttp://owens.mit.edu/sfx%5Flocal?bookid=211&rft.genre=book&sid=Barton:Books24x7
_zClick here for the electronic version.